Name-to-Face XG - Statistics

General Stats
  • This quiz has been taken 19 times
  • The average score is 58 of 63
Answer Stats
Question Tile Select % Correct
Juria No
100%
Juria No
100%
Juria No
100%
Juria No
100%
Juria No
100%
Harvey No
100%
Harvey No
100%
Harvey No
100%
Harvey No
100%
Harvey No
100%
Harvey No
100%
Cocona No
100%
Cocona No
100%
Cocona No
100%
Cocona No
100%
Cocona No
100%
Cocona No
100%
Cocona Yes
100%
Cocona No
100%
Harvey No
94%
Chisa No
94%
Chisa No
94%
Chisa No
94%
Chisa No
94%
Chisa No
94%
Jurin No
94%
Jurin No
94%
Jurin No
94%
Jurin No
94%
Maya No
94%
Maya No
94%
Maya No
94%
Maya No
94%
Maya No
94%
Hinata No
94%
Hinata No
94%
Hinata No
94%
Hinata No
94%
Hinata No
94%
Hinata No
94%
Juria No
89%
Juria No
89%
Harvey Yes
89%
Chisa No
89%
Jurin No
89%
Jurin No
89%
Jurin No
89%
Maya No
89%
Maya No
89%
Juria No
83%
Chisa Yes
83%
Chisa No
83%
Maya Yes
83%
Hinata No
83%
Hinata Yes
83%
Juria Yes
78%
Harvey No
78%
Jurin Yes
78%
Jurin No
78%
Maya No
78%
Hinata No
78%
Cocona No
78%
Chisa No
72%
No matching quizzes found
Score Distribution
Percent of People with Each Score
Percentile by Number Answered
Your Score History
You have not taken this quiz